MARC

LEADER 00000nam0a2200000 4500
001 353724
005 20231102010624.0
035 |a (RuTPU)RU\TPU\retro\10981 
035 |a RU\TPU\tpu\1483 
090 |a 353724 
100 |a 20200529f1917 m y0rusy50 ca 
101 0 |a rus 
102 |a RU 
105 |a y z 000zb 
200 1 |a К десятилетию со дня кончины Д. И. Менделеева  |e [оттиск статьи]  |f С. К. Конюхов 
210 |d 1917 
215 |a 18 с. 
300 |a Текст в русской дореформенной орфографии 
600 1 |a Менделеев  |g Дмитрий Иванович  |b Д. И.  |c учёный-энциклопедист, химик, педагог  |f 1834-1907  |c член-корреспондент Петербургской АН  |2 stltpush  |3 (RuTPU)RU\TPU\pers\1367 
606 1 |a Химики  |x Персоналии  |2 stltpush  |3 (RuTPU)RU\TPU\subj\69968  |9 84576 
610 1 |a химические науки 
610 1 |a брошюры 
610 1 |a труды учёных ТПУ 
610 1 |a коллекция ТПУ 
610 1 |a история 
610 1 |a научные открытия 
610 1 |a биографии 
675 |a 54(092)  |v 3 
700 1 |a Конюхов  |b С. К.  |c инженер-технолог  |c преподаватель, профессор ТТИ (1907-1923)  |f 1875-?  |g Семен Кондратьевич  |2 stltpush  |3 (RuTPU)RU\TPU\pers\23351  |9 10131 
801 0 |a RU  |b 63413507  |c 20011210  |g PSBO 
801 2 |a RU  |b 63413507  |c 20200529  |g PSBO 
942 |c BK